Estadísticas para Máximos goleadores en la historia del Sevilla F. C.

Haz click aquí para intentar la prueba.

Estadísticas generales

  • Esta prueba ha sido intentada 37 veces
  • La puntuación promedio es 5 de 10

Estadísticas de respuestas

GolesNacionalidadJugador% Correcto
135Francia / MalíFrédéric Kanouté
86%
103BrasilLuís Fabiano
68%
66MarruecosYoussef En-Nesyri
64%
70FranciaWissam Ben Yedder
61%
82CroaciaDavor Suker
50%
66FranciaKévin Gameiro
50%
85EspañaÁlvaro Negredo
43%
83EspañaJuan Arza
21%
103EspañaGuillermo Campanal
11%
73EspañaJuan Araujo
7%

Distribución de puntuación

Porcentaje por número respondido

Porcentaje de gente con cada puntuación

Historial de tus puntuaciones

No has intentado esta prueba.